Aprendo con la s, b / (Registro nro. 14922)

Detalles MARC
000 -LIDER
fixed length control field 00920nam a2200289 4500
003 - IDENTIFICACDOR DE NÚMERO DE CONTROL
control field DO-SdBPM
005 - DATE AND TIME OF LATEST TRANSACTION
control field 20250128120657.0
008 - ELEMENTOS DE LONGITUD FIJA
fixed length control field 161121b2009 sp ||| 00| 0 spa d
020 ## - ISBN
International Standard Book Number 9788444101576
040 ## - FUENTE DE CATALOGACIÓN
Agencia que crea de manera original el registro DO-SdBPM
Idioma de catalogación spa
Agencia que realiza la transcripción BPMSU
Convenciones de la despripción
082 #4 - NÚMERO DE CLASIFICACIÓN DECIMAL DE DEWEY
Classification number 372.4
Item number A654s 2009
Edition number 22
245 00 - MENCIÓN DE TITULO
Título Aprendo con la s, b /
Mención de responsabilidad textos Luisa M. López Gómez
246 14 - VARIACION DEL TÍTULO
Título propiamente dicho o título corto Disney :
Subtítulo El rey león
260 ## - PUBLICACIÓN, DISTRIBUCIÓN, ETC. (PIE DE IMPRENTA)
Lugar de publicación, distribución, etc Corruña, España :
Nombre del editor, distribuidor, etc. Editorial Everest,
Fecha de publicación, distribución, etc 2009
300 ## - DESCRIPCIÓN FÍSICA
Extensión 31 p. :
Otros detalles físicos il. ;
Dimensiones 22 cm
490 0# - MENCIÓN DE SERIES
Mención de serie Aprendo con las vocales y los fonemas
590 ## - NOTA LOCAL
Texto de la nota local Inventariado, 2025/VM
650 #4 - ENCABEZAMIENTO DE MATERIA--TEMÁTICO
Término temático o nombre geográfico como elemento de entrada Educación preescolar
650 #4 - ENCABEZAMIENTO DE MATERIA--TEMÁTICO
Término temático o nombre geográfico como elemento de entrada Cuentos infantiles
650 #4 - ENCABEZAMIENTO DE MATERIA--TEMÁTICO
Término temático o nombre geográfico como elemento de entrada Lectura recreativa
Subdivisión de forma Enseñanza
650 #4 - ENCABEZAMIENTO DE MATERIA--TEMÁTICO
Término temático o nombre geográfico como elemento de entrada Narración de cuentos
650 #4 - ENCABEZAMIENTO DE MATERIA--TEMÁTICO
Término temático o nombre geográfico como elemento de entrada Libros y lecturas para niños
700 1# - ASIENTO SECUNDARIO -- NOMBRE PERSONAL
Nombre personal López Gómez, Luisa M.
Mención de responsabilidad autora
710 2# - ASIENTO SECUNDARIO -- NOMBRE CORPORATIVO
Nombre corporativo o de jurisdicción Disney
910 ## - VALIDACIÓN
Validación VMateo V. Control de calidad. BPMSU
942 ## - ADDED ENTRY ELEMENTS (KOHA)
Source of classification or shelving scheme Dewey Decimal Classification
Koha item type Libros
Existencias
Withdrawn status Lost status Source of classification or shelving scheme Damaged status Not for loan Collection code Home library Current library Date acquired Total Checkouts Full call number Barcode Date last seen Price effective from Koha item type Copy number
    Dewey Decimal Classification     Colección Infantil General Biblioteca Pública Metropolitana Salomé Ureña Biblioteca Pública Metropolitana Salomé Ureña 01/28/2025   BPMSU CGI 372.4 A654s 2009 BPMSU25010030 01/28/2025 01/28/2025 Libros  
    Dewey Decimal Classification     Colección Infantil General Biblioteca Pública Metropolitana Salomé Ureña Biblioteca Pública Metropolitana Salomé Ureña 01/28/2025   BPMSU CGI 372.4 A654s 2009 BPMSU25020030 02/24/2025 01/28/2025 Libros e.2
    Dewey Decimal Classification     Colección Infantil General Biblioteca Pública Metropolitana Salomé Ureña Biblioteca Pública Metropolitana Salomé Ureña 01/28/2025   BPMSU CGI 372.4 A654s 2009 BPMSU25020031 02/24/2025 01/28/2025 Libros e.3